| 000 | 01557cam a22003617a 4500 | ||
|---|---|---|---|
| 999 |
_c3667 _d3667 |
||
| 001 | 14200046 | ||
| 003 | GZU | ||
| 005 | 20201203122219.0 | ||
| 008 | 051214s2007 at a b 001 0 eng | ||
| 010 | _a 2005938698 | ||
| 020 | _a0495006939 (student ed.) | ||
| 020 | _a9780495006930 (student ed.) | ||
| 035 | _a(OCoLC)ocm66902018 | ||
| 040 |
_aKMM _cKMM _dBAKER _dDLC _dIBI _dNPL _dYDXCP _dDLC |
||
| 042 | _alccopycat | ||
| 050 | 0 | 0 | _aNK 1510 ARN 2007 |
| 082 | 0 | 4 | _a741.6 |
| 100 | 1 | _aArntson, Amy E. | |
| 245 | 1 | 0 |
_aGraphic design basics / _cAmy E. Arntson. |
| 250 | _a5th ed. | ||
| 260 |
_aAustralia ; _aUnited States : _bThomson/Wadsworth, _cc2007. |
||
| 300 |
_axxi, 243 p. : _bill. (some col.) ; _c28 cm. |
||
| 504 | _aIncludes bibliographical references and index. | ||
| 505 | 0 | _aApplying the art of design -- Graphic design history -- Perception -- Toward a dynamic balance -- Good gestalt -- Using text type -- Layout -- The dynamics of color -- Illustration and photography in design -- Advertising design -- Production: the tools and process -- Web design. | |
| 650 | 0 |
_aGraphic arts _xTechnique. |
|
| 650 | 0 | _aGraphic design (Typography) | |
| 650 | 0 | _aAdvertising layout and typography. | |
| 906 |
_a7 _bcbc _ccopycat _d3 _encip _f20 _gy-gencatlg |
||
| 942 |
_2lcc _cBK _e5th ed. _h1510 _iARN _kNK |
||